[Event "Landesliga Sued 0607"]
[Site "Bayern"]
[Date "2007.02.25"]
[Round "6.6"]
[White "Albeker, Mark"]
[Black "Heiduczek, Josef"]
[Result "0-1"]
[WhiteElo "2119"]
[BlackElo "2177"]
[PlyCount "74"]
[EventDate "2006.10.15"]
[EventType "team-tourn"]
[EventRounds "9"]
[EventCountry "GER"]
[SourceTitle "EXT 2008"]
[Source "ChessBase"]
[SourceDate "2007.11.25"]
[SourceVersion "1"]
[SourceVersionDate "2007.11.25"]
[SourceQuality "1"]
[WhiteTeam "Haunstetten"]
[BlackTeam "Pfarrkirchen SC"]
[WhiteTeamCountry "GER"]
[BlackTeamCountry "GER"]

1. d4 f5 2. Nf3 Nf6 3. Bf4 d6 4. e3 e6 5. h3 Nc6 6. Nbd2 Qe7 7. Bb5 Bd7 8. Qe2 a6 9. Ba4 g6 10. c3 Nh5 11. Bh2 Bg7 12. g4 fxg4 13. hxg4 Nf6 14. g5 Nh5 15. 0-0-0 e5 16. dxe5 dxe5 17. Rhg1 0-0-0 18. Ne4 Kb8 19. b4 Nd4 20. Nxd4 Bxa4 21. Nb3 a5 22. Rxd8+ Rxd8 23. Nxa5 b6 24. Qa6 bxa5 25. Nc5 c6 26. Qb6+ Kc8 27. Nxa4 axb4 28. Qxc6+ Kb8 29. Qb6+ Qb7 30. Qxb7+ Kxb7 31. Nc5+ Kc6 32. cxb4 Kb5 33. a3 Kc4 34. Kc2 Ra8 35. Rg4+ Kd5 36. Kb3 Rf8 37. Nd3 e4 0-1

[Event "Regionalliga SW 0506"]
[Site "Bayern"]
[Date "2006.04.02"]
[Round "9.8"]
[White "Hoennekes, Klaus"]
[Black "Albeker, Mark"]
[Result "0-1"]
[WhiteElo "2008"]
[BlackElo "2119"]
[PlyCount "96"]
[EventDate "2005.10.23"]
[EventType "team-tourn"]
[EventRounds "9"]
[EventCountry "GER"]
[SourceTitle "EXT 2007"]
[Source "ChessBase"]
[SourceDate "2006.11.23"]
[SourceVersion "1"]
[SourceVersionDate "2006.11.23"]
[SourceQuality "1"]

1. e4 c6 2. d4 d5 3. Nc3 dxe4 4. Nxe4 Nf6 5. Nxf6+ gxf6 6. Bc4 Bf5 7. Nf3 e6 8. Nh4 Be4 9. f3 f5 10. g3 Bd5 11. Be2 c5 12. c4 Bc6 13. d5 exd5 14. cxd5 Qxd5 15. Qxd5 Bxd5 16. Nxf5 Nc6 17. Kf2 Be6 18. Ne3 Bg7 19. Bc4 Bxc4 20. Nxc4 0-0-0 21. Bf4 Bd4+ 22. Kg2 Rd7 23. Rab1 Rhd8 24. Rhd1 Nb4 25. a4 Nd5 26. Bh6 b6 27. Re1 Kb7 28. Re2 a6 29. Rbe1 b5 30. axb5 axb5 31. Na5+ Kb6 32. Nb3 Bf6 33. Bc1 c4 34. Nd2 Nb4 35. Ne4 Bd4 36. Bg5 Rg8 37. Nf6 Bxf6 38. Bxf6 Nd3 39. Kf1 Nxe1 40. Kxe1 Rg6 41. Be5 Re6 42. Kf2 Kc6 43. f4 f6 44. Bc3 Rxe2+ 45. Kxe2 f5 46. g4 fxg4 47. f5 Rd3 48. f6 Kd6 0-1

[Event "Regionalliga SW 0506"]
[Site "Bayern"]
[Date "2006.02.19"]
[Round "7.8"]
[White "Guggenberger, Guido"]
[Black "Albeker, Mark"]
[Result "1/2-1/2"]
[WhiteElo "1844"]
[BlackElo "2108"]
[PlyCount "100"]
[EventDate "2005.10.23"]
[EventType "team-tourn"]
[EventRounds "9"]
[EventCountry "GER"]
[SourceTitle "EXT 2007"]
[Source "ChessBase"]
[SourceDate "2006.11.23"]
[SourceVersion "1"]
[SourceVersionDate "2006.11.23"]
[SourceQuality "1"]

1. d4 c5 2. dxc5 e6 3. Nf3 Bxc5 4. a3 d5 5. b4 Be7 6. Bb2 Bf6 7. Bxf6 Nxf6 8. c4 0-0 9. e3 a5 10. b5 Nbd7 11. Nc3 dxc4 12. Bxc4 Qc7 13. Qb3 Nb6 14. Be2 e5 15. 0-0 Be6 16. Qb2 e4 17. Nd4 Bc4 18. Rac1 Bxe2 19. Qxe2 Qe7 20. Qa2 Qe5 21. Nce2 Ng4 22. Ng3 h5 23. Qe2 Rac8 24. h3 Nf6 25. Rfd1 Nbd5 26. Qd2 a4 27. Nge2 h4 28. Qa5 Ra8 29. Qd2 g5 30. Nc3 Nb6 31. f4 gxf4 32. exf4 Qh5 33. Qe2 Qg6 34. f5 Qg5 35. Nxe4 Nxe4 36. Qxe4 Rad8 37. Qg4 Qxg4 38. hxg4 Rd5 39. Nf3 Rxb5 40. Rb1 Rxb1 41. Rxb1 Nc4 42. Rxb7 Ra8 43. Rb4 Nxa3 44. Nd4 Kf8 45. Kf2 Ke7 46. Ke2 Kd6 47. Kd3 Kc5 48. Kc3 Kd5 49. Kd3 Kc5 50. Kc3 Kd5 1/2-1/2

[Event "Oberliga Bayern 0001"]
[Site "Bayern"]
[Date "2000.10.15"]
[Round "1"]
[White "Albeker, Mark"]
[Black "Pitschka, Claus"]
[Result "0-1"]
[WhiteElo "2130"]
[BlackElo "2260"]
[PlyCount "82"]
[EventDate "2000.10.15"]
[EventType "team-tourn"]
[EventRounds "9"]
[EventCountry "GER"]
[SourceTitle "EXT 2020"]
[Source "ChessBase"]
[SourceDate "2019.10.17"]
[SourceVersion "1"]
[SourceVersionDate "2019.10.17"]
[SourceQuality "1"]
[WhiteTeam "Haunstetten TSV"]
[BlackTeam "Schwabing SG Nord"]
[WhiteTeamCountry "GER"]
[BlackTeamCountry "GER"]

1. d4 d5 2. c4 c6 3. Nf3 Nf6 4. Nc3 a6 5. e3 b5 6. c5 Bf5 7. Be2 Nbd7 8. 0-0 h6 9. Re1 e6 10. a3 Be7 11. b4 a5 12. Bb2 0-0 13. Nd2 Qc7 14. Bf3 Rfe8 15. g4 Bg6 16. Ne2 e5 17. dxe5 Nxe5 18. Bxe5 Qxe5 19. Nd4 Qc7 20. Bg2 axb4 21. axb4 Rxa1 22. Qxa1 Nxg4 23. N2f3 Bf6 24. Qa5 Rc8 25. Qxc7 Rxc7 26. Ra1 Ne5 27. Ra8+ Kh7 28. Nd2 Nd3 29. N2b3 Nxb4 30. Bh3 Nd3 31. Rc8 Rxc8 32. Bxc8 Bxd4 33. exd4 Nf4 34. Bd7 Bc2 35. Bxc6 Bxb3 36. Bxb5 Kg6 37. h4 Kf6 38. f3 Ne6 39. c6 Ke7 40. Kf2 Kd6 41. Ke3 Nd8 0-1

[Event "Landesliga Sued 9900"]
[Site "Bayern"]
[Date "2000.04.09"]
[Round "9.3"]
[White "Albeker, Mark"]
[Black "Zach, Andreas"]
[Result "0-1"]
[WhiteElo "2140"]
[BlackElo "2255"]
[PlyCount "76"]
[EventDate "1999.10.10"]
[EventType "team-tourn"]
[EventRounds "9"]
[EventCountry "GER"]
[SourceTitle "EXT 2020"]
[Source "ChessBase"]
[SourceDate "2019.10.17"]
[SourceVersion "1"]
[SourceVersionDate "2019.10.17"]
[SourceQuality "1"]
[WhiteTeam "Haunstetten TSV"]
[BlackTeam "Groebenzell"]
[WhiteTeamCountry "GER"]
[BlackTeamCountry "GER"]

1. d4 d5 2. c4 c6 3. Nc3 Nf6 4. Nf3 Bf5 5. Qb3 Qb6 6. Bf4 dxc4 7. Qxb6 axb6 8. Bxb8 Rxb8 9. a4 Ra8 10. Ne5 b5 11. f3 Nd5 12. e4 Nxc3 13. bxc3 Be6 14. a5 f6 15. a6 Kd8 16. d5 cxd5 17. exd5 Bg8 18. Ng4 Rxa6 19. Rd1 Rd6 20. Ne3 e6 21. Rb1 exd5 22. Rxb5 Kc7 23. Kd2 Be6 24. Be2 Be7 25. Ra1 Rhd8 26. Rab1 b6 27. f4 Rc6 28. f5 Bf7 29. Ra1 Kb7 30. Bf3 Bc5 31. Rb2 d4 32. Bxc6+ Kxc6 33. Ra7 dxe3+ 34. Ke2 Bh5+ 35. g4 Bxg4+ 36. Kf1 Bf3 37. Ra1 Rd5 38. Ke1 Rxf5 0-1

[Event "Landesliga Sued 9900"]
[Site "Bayern"]
[Date "2000.03.26"]
[Round "8.5"]
[White "Schoenau, Helmut"]
[Black "Albeker, Mark"]
[Result "1/2-1/2"]
[WhiteElo "2010"]
[BlackElo "2140"]
[PlyCount "39"]
[EventDate "1999.10.10"]
[EventType "team-tourn"]
[EventRounds "9"]
[EventCountry "GER"]
[SourceTitle "EXT 2020"]
[Source "ChessBase"]
[SourceDate "2019.10.17"]
[SourceVersion "1"]
[SourceVersionDate "2019.10.17"]
[SourceQuality "1"]
[WhiteTeam "Kriegshaber SK"]
[BlackTeam "Haunstetten TSV"]
[WhiteTeamCountry "GER"]
[BlackTeamCountry "GER"]

1. d4 c6 2. c4 d5 3. e3 Nf6 4. Nc3 a6 5. Nf3 Bg4 6. Qb3 Bxf3 7. gxf3 Ra7 8. a4 e6 9. c5 Nbd7 10. a5 e5 11. Bd3 exd4 12. exd4 Be7 13. Bf4 Nh5 14. Be3 g6 15. Kd2 0-0 16. Ne2 Re8 17. Rhg1 Bf6 18. Bb1 Qe7 19. Qd3 Raa8 20. Ra3 1/2-1/2

[Event "Landesliga Sued 9900"]
[Site "Bayern"]
[Date "1999.12.12"]
[Round "3.5"]
[White "Albeker, Mark"]
[Black "Wunderlich, Hans Dieter"]
[Result "1-0"]
[WhiteElo "2180"]
[BlackElo "2065"]
[PlyCount "47"]
[EventDate "1999.10.10"]
[EventType "team-tourn"]
[EventRounds "9"]
[EventCountry "GER"]
[SourceTitle "EXT 2020"]
[Source "ChessBase"]
[SourceDate "2019.10.17"]
[SourceVersion "1"]
[SourceVersionDate "2019.10.17"]
[SourceQuality "1"]
[WhiteTeam "Haunstetten TSV"]
[BlackTeam "Sendling SC"]
[WhiteTeamCountry "GER"]
[BlackTeamCountry "GER"]

1. d4 c6 2. Nf3 f5 3. Bf4 Nf6 4. e3 d5 5. Bd3 e6 6. h3 Be7 7. Nbd2 Nbd7 8. c3 Ne4 9. Qe2 Ndf6 10. Ne5 0-0 11. g4 Nxd2 12. Qxd2 Ne4 13. Bxe4 fxe4 14. 0-0-0 Bd7 15. Rdg1 g5 16. Bg3 Be8 17. Rh2 b5 18. Rgh1 b4 19. h4 bxc3 20. Qxc3 gxh4 21. Bxh4 Bxh4 22. Rxh4 Rxf2 23. Qe1 Qf6 24. Rxh7 1-0

[Event "Landesliga Sued 9900"]
[Site "Bayern"]
[Date "1999.10.10"]
[Round "1.5"]
[White "Albeker, Mark"]
[Black "Hock, Martin"]
[Result "1-0"]
[WhiteElo "2180"]
[BlackElo "1985"]
[PlyCount "111"]
[EventDate "1999.10.10"]
[EventType "team-tourn"]
[EventRounds "9"]
[EventCountry "GER"]
[SourceTitle "EXT 2020"]
[Source "ChessBase"]
[SourceDate "2019.10.17"]
[SourceVersion "1"]
[SourceVersionDate "2019.10.17"]
[SourceQuality "1"]
[WhiteTeam "Haunstetten TSV"]
[BlackTeam "Graefelfing SK"]
[WhiteTeamCountry "GER"]
[BlackTeamCountry "GER"]

1. d4 Nf6 2. c4 g6 3. Nc3 Bg7 4. e4 d6 5. f3 0-0 6. Be3 a6 7. Qd2 Nc6 8. Nge2 Rb8 9. Bh6 e5 10. d5 Ne7 11. h4 Kh8 12. Bxg7+ Kxg7 13. g4 h5 14. g5 Ne8 15. b4 c5 16. bxc5 dxc5 17. Nc1 f5 18. gxf6+ Nxf6 19. Qg5 Qd6 20. Nd3 Nd7 21. f4 Rxf4 22. Nxf4 exf4 23. Be2 Qe5 24. Qxe5+ Nxe5 25. Na4 Bg4 26. Rc1 f3 27. Bf1 Rc8 28. Rb1 b5 29. cxb5 axb5 30. Bxb5 f2+ 31. Kxf2 Rf8+ 32. Ke3 Rf3+ 33. Kd2 c4 34. Nc5 Nc8 35. Ne6+ Kg8 36. Ba6 Rd3+ 37. Kc2 Nd6 38. Rb8+ Kf7 39. Rf1+ Ke7 40. Nc5 Ra3 41. Kb2 Ra5 42. Nb7 Rxa6 43. Nxd6 Rxd6 44. Rff8 Bd7 45. Kc3 Ra6 46. Kd4 Ng4 47. e5 c3 48. e6 Bxe6 49. Rbe8+ Kd7 50. dxe6+ Kd6 51. Kxc3 Rxa2 52. Rf1 Re2 53. Rd1+ Kc6 54. e7 Kc7 55. Ra8 Nf6 56. Rf8 1-0

[Event "Landesliga Sued 9899"]
[Site "Bayern"]
[Date "1999.03.14"]
[Round "6.5"]
[White "Albeker, Mark"]
[Black "Buchweitz, Joerg"]
[Result "1-0"]
[WhiteElo "2110"]
[BlackElo "2115"]
[PlyCount "113"]
[EventDate "1998.11.10"]
[EventType "team-tourn"]
[EventRounds "9"]
[EventCountry "GER"]
[SourceTitle "EXT 2020"]
[Source "ChessBase"]
[SourceDate "2019.10.17"]
[SourceVersion "1"]
[SourceVersionDate "2019.10.17"]
[SourceQuality "1"]
[WhiteTeam "Haunstetten TSV"]
[BlackTeam "Muenchen FC Bayern II"]
[WhiteTeamCountry "GER"]
[BlackTeamCountry "GER"]

1. d4 g6 2. c4 Bg7 3. Nc3 d6 4. e4 Nc6 5. d5 Nd4 6. Nge2 Nxe2 7. Bxe2 Nf6 8. Be3 c5 9. 0-0 0-0 10. Qd2 a6 11. Rab1 Qa5 12. a3 Nd7 13. Bh6 Rb8 14. Bxg7 Kxg7 15. b4 Qc7 16. b5 b6 17. bxa6 Bxa6 18. f4 Kg8 19. Rb3 b5 20. Nxb5 Bxb5 21. Rxb5 Ra8 22. Qe3 Ra4 23. Rb3 f6 24. h4 Rb8 25. Rfb1 Kf7 26. Rxb8 Nxb8 27. h5 Nd7 28. Qh3 Nf8 29. hxg6+ hxg6 30. f5 Kg7 31. Kf2 Qa5 32. Rh1 Qd2 33. Qh8+ Kf7 34. fxg6+ Ke8 35. Rh3 Qd4+ 36. Ke1 Qa1+ 37. Bd1 Rxc4 38. Re3 Qd4 39. Ke2 Rc1 40. Bb3 Re1+ 41. Kxe1 Qxe3+ 42. Kf1 Qc1+ 43. Kf2 Qf4+ 44. Kg1 Qe3+ 45. Kh1 Qc1+ 46. Kh2 Qf4+ 47. Kh3 Qe3+ 48. g3 Qxe4 49. Ba4+ Kd8 50. Qxf8+ Kc7 51. Bc2 Qxc2 52. Qxe7+ Kc8 53. Qxf6 Qd1 54. Qf5+ Kc7 55. g7 Qh1+ 56. Kg4 Qd1+ 57. Kg5 1-0

[Event "Landesliga Sued 9899"]
[Site "Bayern"]
[Date "1999.01.17"]
[Round "4.6"]
[White "Wagner, Hans2222"]
[Black "Albeker, Mark"]
[Result "0-1"]
[WhiteElo "2376"]
[BlackElo "2110"]
[PlyCount "104"]
[EventDate "1998.11.10"]
[EventType "team-tourn"]
[EventRounds "9"]
[EventCountry "GER"]
[SourceTitle "EXT 2020"]
[Source "ChessBase"]
[SourceDate "2019.10.17"]
[SourceVersion "1"]
[SourceVersionDate "2019.10.17"]
[SourceQuality "1"]
[WhiteTeam "Pfarrkirchen SC"]
[BlackTeam "Haunstetten TSV"]
[WhiteTeamCountry "GER"]
[BlackTeamCountry "GER"]

1. e4 c6 2. Nc3 d5 3. Nf3 dxe4 4. Nxe4 Nf6 5. Nxf6+ gxf6 6. d4 Bg4 7. Be2 e6 8. h3 Bh5 9. Be3 Nd7 10. Qd2 Qc7 11. 0-0-0 0-0-0 12. g4 Bg6 13. Nh4 Nb6 14. Nxg6 hxg6 15. h4 Nd5 16. Kb1 f5 17. c4 Nxe3 18. Qxe3 Qb6 19. c5 Qb4 20. a3 Qa4 21. Rd2 fxg4 22. Bxg4 Bh6 23. f4 Bg7 24. b4 Qa6 25. Be2 Qa4 26. h5 gxh5 27. Rxh5 a5 28. Bd1 Qb5 29. Be2 Qa4 30. Bd1 Qb5 31. Be2 Qa4 32. Rxh8 Rxh8 33. Qc3 axb4 34. Qxb4 Qxb4+ 35. axb4 Rh4 36. Kc2 Rxf4 37. Kc3 f5 38. b5 b6 39. cxb6 c5 40. Bc4 Bxd4+ 41. Kb3 Rf3+ 42. Ka4 Re3 43. Rg2 Kb7 44. Re2 Rxe2 45. Bxe2 e5 46. Bc4 e4 47. Be6 e3 48. Bc4 Kxb6 49. Kb3 Kc7 50. Be2 Kd6 51. Kc4 Ke5 52. b6 Ke4 0-1

[Event "Landesliga Sued 9899"]
[Site "Bayern"]
[Date "1998.10.25"]
[Round "2.6"]
[White "Pohle, Reinhold"]
[Black "Albeker, Mark"]
[Result "1/2-1/2"]
[WhiteElo "2095"]
[BlackElo "2110"]
[PlyCount "48"]
[EventDate "1998.11.10"]
[EventType "team-tourn"]
[EventRounds "9"]
[EventCountry "GER"]
[SourceTitle "EXT 2020"]
[Source "ChessBase"]
[SourceDate "2019.10.17"]
[SourceVersion "1"]
[SourceVersionDate "2019.10.17"]
[SourceQuality "1"]
[WhiteTeam "Starnberg SC"]
[BlackTeam "Haunstetten TSV"]
[WhiteTeamCountry "GER"]
[BlackTeamCountry "GER"]

1. e4 c6 2. b3 d5 3. Bb2 dxe4 4. Nc3 Nf6 5. Qe2 Bf5 6. h3 h5 7. g3 e6 8. Bg2 Nbd7 9. Nxe4 Nxe4 10. Bxe4 Bxe4 11. Qxe4 Nf6 12. Qf3 Qd5 13. Rh2 0-0-0 14. Qxd5 Rxd5 15. 0-0-0 Bb4 16. f3 h4 17. g4 Bd6 18. Rg2 Be5 19. Bxe5 Rxe5 20. Re2 Rxe2 21. Nxe2 Nd5 22. a3 Kd7 23. c4 Ne7 24. d3 Ng6 1/2-1/2

[Event "Landesliga Sued 9697"]
[Site "Bayern"]
[Date "1997.03.02"]
[Round "7"]
[White "Albeker, Mark"]
[Black "Schmidt, Anton"]
[Result "1-0"]
[WhiteElo "2015"]
[BlackElo "1640"]
[PlyCount "75"]
[EventDate "1996.10.13"]
[EventType "team-tourn"]
[EventRounds "9"]
[EventCountry "GER"]
[SourceTitle "EXT 2020"]
[Source "ChessBase"]
[SourceDate "2019.10.17"]
[SourceVersion "1"]
[SourceVersionDate "2019.10.17"]
[SourceQuality "1"]
[WhiteTeam "Haunstetten TSV"]
[BlackTeam "Landshut"]
[WhiteTeamCountry "GER"]
[BlackTeamCountry "GER"]

1. d4 Nf6 2. c4 c5 3. d5 e6 4. Nc3 exd5 5. cxd5 d6 6. e4 g6 7. f4 Bg7 8. Nf3 0-0 9. Be2 Re8 10. e5 dxe5 11. fxe5 Ng4 12. Bg5 f6 13. exf6 Bxf6 14. Bxf6 Qxf6 15. 0-0 Ne3 16. Qa4 Bd7 17. Bb5 Nxf1 18. Rxf1 Qg7 19. Qb3 h6 20. Bc4 Bg4 21. Nb5 Bxf3 22. Rxf3 Re1+ 23. Kf2 Rb1 24. d6+ Kh8 25. Qe3 Rxb2+ 26. Kg3 Nc6 27. Nc7 Rf8 28. d7 Kh7 29. Qe8 Rxf3+ 30. gxf3 h5 31. h4 Kh6 32. Qe3+ Kh7 33. Ne8 Qd4 34. d8Q Qxd8 35. Qe6 Rg2+ 36. Kxg2 Qd2+ 37. Kg3 Qe1+ 38. Qxe1 1-0

[Event "Landesliga Sued 9697"]
[Site "Bayern"]
[Date "1996.12.08"]
[Round "3"]
[White "Albeker, Mark"]
[Black "Scheckenbach, Franz"]
[Result "1-0"]
[WhiteElo "2015"]
[BlackElo "2170"]
[PlyCount "116"]
[EventDate "1996.10.13"]
[EventType "team-tourn"]
[EventRounds "9"]
[EventCountry "GER"]
[SourceTitle "EXT 2020"]
[Source "ChessBase"]
[SourceDate "2019.10.17"]
[SourceVersion "1"]
[SourceVersionDate "2019.10.17"]
[SourceQuality "1"]
[WhiteTeam "Haunstetten TSV"]
[BlackTeam "Groebenzell"]
[WhiteTeamCountry "GER"]
[BlackTeamCountry "GER"]

1. d4 d5 2. c4 c6 3. Nc3 Nf6 4. Nf3 e6 5. Bg5 dxc4 6. e4 b5 7. e5 h6 8. Bh4 g5 9. Nxg5 hxg5 10. Bxg5 Nbd7 11. exf6 Bb7 12. Be2 Qb6 13. 0-0 Bd6 14. g3 0-0-0 15. b3 Bb4 16. Rc1 Qa5 17. Ne4 c3 18. Qc2 Nb6 19. Nxc3 Rxd4 20. Be3 Rdd8 21. Nxb5 Rd5 22. a4 Kb8 23. Nd4 c5 24. Nb5 a6 25. Nc3 Rdd8 26. Ne4 Nd5 27. Bd2 Bxd2 28. Qxd2 Qxd2 29. Nxd2 Nf4 30. Bf3 Rxd2 31. Bg4 Rg8 32. h3 Nd3 33. Rcd1 Rxd1 34. Rxd1 Ne5 35. Be2 Kc7 36. Rc1 Kb6 37. a5+ Kc6 38. f4 Nd7 39. g4 Nxf6 40. b4 Nd5 41. Rxc5+ Kd6 42. Rc4 Rc8 43. Rd4 Rc2 44. Bf3 Rb2 45. h4 Bc6 46. h5 Ke7 47. h6 Kf8 48. Rc4 Bd7 49. f5 Rxb4 50. Bxd5 Rb1+ 51. Kg2 exd5 52. Rc7 Be8 53. g5 Kg8 54. g6 fxg6 55. fxg6 d4 56. Kf2 Rb5 57. Re7 Rf5+ 58. Ke1 Bb5 1-0